(NEW) Valorant Agents in Release Order - Statistics

General Stats
  • This quiz has been taken 107 times
  • The average score is 12 of 18
Answer Stats
Hint Answer % Correct
Beta Breach, etc.
92%
1.0 Reyna
79%
8.05 Clove
73%
10.00 Tejo
73%
9.04 Vyse
72%
10.04 Waylay
71%
5.08 Harbor
69%
7.09 Iso
68%
2.0 Yoru
68%
2.04 Astra
65%
3.10 Chamber
65%
7.0 Deadlock
65%
4.08 Fade
64%
6.04 Gekko
64%
1.05 Killjoy
64%
4.0 Neon
64%
1.11 Skye
56%
3.0 KAY/O
53%
No matching quizzes found
Score Distribution
Percent of People with Each Score
Percentile by Number Answered
Your Score History
You have not taken this quiz